Statistics for Type in the Color you see

Click here to take the quiz!

General Stats

  • This quiz has been taken 61 times
  • The average score is 26 of 30

Answer Stats

HintAnswer% Correct
YELLOWyellow
100%
BLACKblack
98%
BLUEblue
98%
BROWNbrown
98%
GREENgreen
98%
ORANGEorange
98%
PINKpink
98%
PURPLEpurple
98%
REDred
98%
YELLOWblack
92%
GREENblue
92%
BLUEgreen
92%
REDorange
92%
PURPLEpink
90%
PINKpurple
90%
BLACKred
90%
ORANGEbrown
88%
REDblue
87%
BROWNorange
87%
BLUEblack
85%
GREENpink
81%
GRAYyellow
81%
GOLDred
79%
OLIVEorange
77%
VIOLETbrown
71%
SILVERblue
69%
WHITEgreen
69%
REDyellow
67%
GREENblack
60%
BLUEorange
60%

Score Distribution

Percentile by Number Answered

Percent of People with Each Score

Your Score History

You have not taken this quiz